000 00409nam a2200181Ia 4500
001 4302
005 20260306145746.0
008 260306t1996||||xx |||||||||||||| ||spa||
041 _aESP
082 _a320.51
_bR28
100 _aRawls, John.
_eAUT
245 0 _aLiberalismo político
260 _c1996
300 _a359 páginas :
_c23 cm.
650 _aGEN
654 _aCDE
942 _cLIB
_dJUS
_fJUS
_2ddc
_n
999 _c4302
_d4302